000
00334 a2200157 4500
001
59809
020
_a
9783789151255
040
_c
Anchieta - Pituba
100
_a
Wilks, Mike
240
1
0
_a
Mirror scape
_l
por
245
1
0
_a
Mirror scape
300
_a
447
362
0
_a
2008
650
4
_a
Literatura juvenil em alemão
942
_c
BK
999
_c
59809
_d
59809